000 005520000a22001930004500
003 LK-CoMWRAF
005 20230903061917.0
008 230817t1997 ||||| |||| 00| 0 eng d
020 _a0802135994
040 _aLK-CoMWRAF
_dLK-CoMWRAF
_eLK-CoMWRAF
041 _aeng
082 _a956.3
_bWOL
245 _aOne thousand roads to mecca :
_bTen centuries of travelers writing about the Muslim pilgrimage
260 _aBroadway :
_bGrove Press,
_c1997
300 _a620p
650 _aHistorical studies
700 _aWolfe,, Michoel
_eed.
942 _cBK
999 _c1373
_d1373